Modern cardiovascular physiology / (Record no. 4209)

000 -LEADER
fixed length control field 00721cam a2200229 a 4500
003 - CONTROL NUMBER IDENTIFIER
control field ALUPE UNIVERSITY COLLEGE
005 - DATE AND TIME OF LATEST TRANSACTION
control field 20220321072120.0
008 - FIXED-LENGTH DATA ELEMENTS--GENERAL INFORMATION
fixed length control field 810815s1981 maua b 001 0 eng
020 ## - INTERNATIONAL STANDARD BOOK NUMBER
International Standard Book Number 0316372145
020 ## - INTERNATIONAL STANDARD BOOK NUMBER
International Standard Book Number 0316372153 (pbk.)
040 ## - CATALOGING SOURCE
Transcribing agency ALUPE UNIVERSITY COLLEGE
050 00 - LIBRARY OF CONGRESS CALL NUMBER
Classification number QP102
Item number .H66 1981
100 1# - MAIN ENTRY--PERSONAL NAME
Personal name Honig, Carl R.
245 10 - TITLE STATEMENT
Title Modern cardiovascular physiology /
Statement of responsibility, etc. Carl R. Honig.
250 ## - EDITION STATEMENT
Edition statement 1st ed.
260 ## - PUBLICATION, DISTRIBUTION, ETC.
Place of publication, distribution, etc. Boston :
Name of publisher, distributor, etc. Little, Brown,
Date of publication, distribution, etc. c1981.
300 ## - PHYSICAL DESCRIPTION
Extent xviii, 347 p. :
Other physical details ill. ;
Dimensions 24 cm.
504 ## - BIBLIOGRAPHY, ETC. NOTE
Bibliography, etc. note Includes bibliographical references and index.
650 #0 - SUBJECT ADDED ENTRY--TOPICAL TERM
Topical term or geographic name entry element Cardiovascular system
General subdivision Physiology.
906 ## - LOCAL DATA ELEMENT F, LDF (RLIN)
a 7
b cbc
c orignew
d 2
e opcn
f 19
g y-gencatlg
942 ## - ADDED ENTRY ELEMENTS (KOHA)
Source of classification or shelving scheme
Koha item type Book
Holdings
Withdrawn status Lost status Source of classification or shelving scheme Damaged status Not for loan Permanent Location Current Location Shelving location Date acquired Source of acquisition Total Checkouts Full call number Barcode Date last seen Copy number Price effective from Koha item type Public note
          AU LIBRARY AU LIBRARY Open Shelf 21.03.2022 DONATION FROM MOI UNIVERSITY   QP102 .H66 1981 C1 28006131 21.03.2022 1 21.03.2022 Book WO
          AU LIBRARY AU LIBRARY Open Shelf 22.03.2022 DONATION FROM MOI UNIVERSITY   QP102 .H66 1981 C.2 28006373 22.03.2022 2 22.03.2022 Book MM
          AU LIBRARY AU LIBRARY Open Shelf 04.04.2022 DONATION FROM MOI UNIVERSITY   QP102 .H66 1981 C3 28011792 04.04.2022 3 04.04.2022 Book BA

Powered by Koha